| 000 | 00546nam a2200193 u 4500 | ||
|---|---|---|---|
| 005 | 20210223131953.0 | ||
| 008 | 121126s2007 mx r 000 0 spa d | ||
| 020 | _a9709807315 | ||
| 035 | _aUPN01000188953 | ||
| 049 | _aF | ||
| 050 | 4 |
_aTK5105.888 _bL5.3 |
|
| 100 | 1 |
_aLizano, Alejandro _933543 |
|
| 245 | 1 | 0 |
_aCrea tu página web en 8 pasos / _cAlejandro Lizano ; diseño Miguel Cabrera. |
| 260 |
_aMéxico : _bST, _c2007. |
||
| 300 |
_a14 p. : _bil. col. |
||
| 650 | 4 |
_aSITIOS WEB - _xDISEÑO _97669 |
|
| 905 | _aLibro | ||
| 999 |
_c161056 _d161056 |
||